| 000 | 00539caa a22001932a 4500 | ||
|---|---|---|---|
| 001 | 001351 | ||
| 003 | AR-FADEU | ||
| 008 | 311216n############xxu####################dd | ||
| 092 | _aPP(320)REV | ||
| 100 | _aGaltung, Johan | ||
| 245 | _bSistemas feudales, violencia estructural y teoría estructural de las revoluciones. IIº parte | ||
| 245 | _aRevista latinoamericana de ciencia política | ||
| 300 | _a181-201 | ||
| 440 | _v1 | ||
| 440 | _n2 | ||
| 260 | _cago. 1970 | ||
| 650 | _aREVOLUCION-TEORIA ESTRUCTURAL | ||
| 942 | _cPPGR | ||
| 999 |
_c4129 _d4129 |
||